برنامج الرسام / (رقم التسجيلة. 101744)

تفاصيل مارك
000 -LEADER
fixed length control field 00639nam a22002057a 4500
005 - DATE AND TIME OF LATEST TRANSACTION
control field 20251108173338.0
008 - FIXED-LENGTH DATA ELEMENTS--GENERAL INFORMATION
fixed length control field 250721s1998 xx 000 0 ara d
082 14 - DEWEY DECIMAL CLASSIFICATION NUMBER
Classification number ط/004/فرج
100 1# - MAIN ENTRY--PERSONAL NAME
Personal name فرج، جنان
245 10 - TITLE STATEMENT
Title برنامج الرسام /
246 11 - VARYING FORM OF TITLE
Title proper/short title Paint Brush
264 1# - PRODUCTION, PUBLICATION, DISTRIBUTION, MANUFACTURE, AND COPYRIGHT NOTICE
Place of production, publication, distribution, manufacture عمان :
Name of producer, publisher, distributor, manufacturer مركز الذكاء الإصطناعي للكمبيوتر،
Date of production, publication, distribution, manufacture, or copyright notice 1998.
300 ## - PHYSICAL DESCRIPTION
Extent 32 ص.
490 0# - SERIES STATEMENT
Series statement الكمبيوتر للأطفال
Volume/sequential designation 5
650 17 - SUBJECT ADDED ENTRY--TOPICAL TERM
Topical term or geographic name as entry element الحواسيب
650 17 - SUBJECT ADDED ENTRY--TOPICAL TERM
Topical term or geographic name as entry element الرسم بمساعدة الحاسوب
653 ## - INDEX TERM--UNCONTROLLED
Uncontrolled term ناشئون صغار (10-14 سنة)
942 ## - ADDED ENTRY ELEMENTS (KOHA)
Source of classification or shelving scheme Dewey Decimal Classification
Koha item type كتب
المقتنيات
حالة السحب حالة الفقدان مصدر التصنيف حالة التلف غير قابل للإعارة المكتبة الرئيسية المكتبة الحالية موقع الرف تاريخ التزويد الرقم المتسلسل Total Checkouts رقم الإستدعاء الباركود تاريخ آخر ظهور تاريخ الفاتورة نوع المادة (كوها)
    Dewey Decimal Classification     مكتبة أم المؤمنين للأطفال مكتبة أم المؤمنين للأطفال الأطفال 28/07/2025 401134   ط/004/فرج 401134 28/07/2025 28/07/2025 كتب
    Dewey Decimal Classification     مكتبة الأميرة ايمان العامة مكتبة الأميرة ايمان العامة الأطفال 22/12/2013 [3031].   ط/004/فرج PLD00291244 28/07/2025 22/12/2013 كتب
    Dewey Decimal Classification     مكتبة الاميرة بديعة مكتبة الاميرة بديعة الأطفال 25/06/2015 [3036].   ط/004/فرج PLD00333961 28/07/2025 25/06/2015 كتب
    Dewey Decimal Classification     مكتبة البراءة للأطفال مكتبة البراءة للأطفال الأطفال 12/04/2014 401232   ط/004/فرج PLD00298803 28/07/2025 12/04/2014 كتب
    Dewey Decimal Classification     مكتبة النصر العامة مكتبة النصر العامة الأطفال 09/05/2015 [ 5662 ]   ط/004/فرج PLD00388266 28/07/2025 09/05/2015 كتب
    Dewey Decimal Classification     مكتبة صويلح العامة مكتبة صويلح العامة الأطفال 29/06/2019 06735   ط/004/فرج PLD00455365 28/07/2025 29/06/2019 كتب
    Dewey Decimal Classification     مكتبة وادي السير العامة مكتبة وادي السير العامة الأطفال 16/11/2015 [3134].   ط/004/فرج PLD00364823 28/07/2025 16/11/2015 كتب
    Dewey Decimal Classification     مكتبةمؤتة مكتبةمؤتة الأطفال 13/06/2014 ( 1726 )   ط/004/فرج PLD00327834 28/07/2025 13/06/2014 كتب
Implemented & Customized by: BBB with SCIT (Smart Chains for Information Technology)

Powered by Koha